A posztkoloniális olvasat esélyei megjegyzések Ardamica Zorán tanulmányához

Podrobná bibliografia
Hlavný autor: Bárczi, Zsófia, 1973- (Autor)
Ďalší autori: Balázs, István, 1958- (Ilustrátor)
Médium: Článok
Jazyk:maďarčina
Fyzický popis:Obr.
ISSN:1338-0265
Predmet:

MARC

LEADER 00000nab a2200000 ar4500
001 vtls010309776
003 SK-MaSNL
005 20260318124822.0
008 110908c2011 xo |||||||| |000 b|hun
015 |a SNBRB2011/09  |2 snkbucl 
038 |a SNKBUCL 
040 |a DSZK  |b slo  |c DSZK  |e AACR2 
041 0 |a hun 
044 |a xo  |c SK 
080 |a 82(091):821.511.141 (437.6)  |2 1997 
080 |a 821.511.141 (437.6)  |x (091)  |2 1997 
100 1 |a Bárczi, Zsófia,  |d 1973-  |4 aut  |9 109427 
245 1 0 |a A posztkoloniális olvasat esélyei  |b megjegyzések Ardamica Zorán tanulmányához  |c Bárczi, Zsófia; illusztrálta Balázs István 
300 |b Obr. 
648 7 |a 20. stor.  |2 snkbucl  |9 275975 
650 0 7 |a maďarská literatúra  |z Slovensko  |2 snkbucl  |9 29504 
655 7 |a štúdie  |2 snkbucl  |9 57033 
700 1 |a Balázs, István,  |d 1958-  |4 ill  |9 901031 
773 0 |t Opus : szlovákiai magyar írók folyóirata  |g Évf. 3, sz. 3 (2011), o. 25-26  |x 1338-0265 
852 |a SNK  |b KIS3GCP 
852 |a DSZK  |b KIS3GCP 
958 |a HU 
958 |a LX 
958 |a SK 
999 |c 2249448  |d 2251378